Θεωρία και προβλήματα στατιστικής

Saved in:
Bibliographic Details
Main Author: Spiegel, Murray R.
Other Authors: Stephens, Larry J., Μπαγιάτης, Κωνσταντίνος Β. (Translator), Καρανάσιος, Νικόλαος Σ. (Translator), Πεταλάς, Ιωάννης (Translator)
Format: Book
Language:Greek
English
Published: Θεσσαλονίκη : Τζιόλας, c2000.
Edition:3η εκδ.
Series:Σειρά Schaum's
Subjects:
Tags: Add Tag
No Tags, Be the first to tag this record!

MARC

LEADER 00000cam a2200000 i 4500
001 1/97849
008 081121s2000 gr | ||| |||| ||gre||
020 |a 960805012X 
035 |l 10101872 
040 |a GR-MyUA  |b gre  |e AACR2 
041 1 |a gre  |h eng 
082 0 |a 519.5  |2 (22) 
100 1 |a Spiegel, Murray R. 
245 1 0 |a Θεωρία και προβλήματα στατιστικής /   |c Murray R. Spiegel, Larry J. Stephens ; επιμέλεια μετάφρασης Κωνσταντίνος Β. Μπαγιάτης, Νικόλαος Σ. Καρανάσιος ; μετάφραση Ιωάννης Πεταλάς.  
246 3 4 |a Στατιστική 
250 |a 3η εκδ.  
260 |a Θεσσαλονίκη :   |b Τζιόλας,   |c c2000.  
300 |a 671 σ. :  |b σχέδια ;   |c 29 εκ.  
490 1 |a (Σειρά Schaum's)  
500 |a Τίτλος πρωτοτύπου: Schaum's out line of theory and problems of statistics.  
504 |a Περιλαμβάνει ευρετήριο.  
650 0 0 |a Statistics  |x Problems, exercises, etc. 
700 1 |a Stephens, Larry J. 
700 1 |a Μπαγιάτης, Κωνσταντίνος Β.  |e trl 
700 1 |a Καρανάσιος, Νικόλαος Σ.  |e trl 
700 1 |a Πεταλάς, Ιωάννης,  |e trl 
830 0 |a Σειρά Schaum's 
852 |a INST  |b CHIOS  |e 20090826  |h 519.5 SPI  |p 005200029994  |q 005200029994  |t BK  |y 0 
852 |a INST  |b CHIOS  |e 20081121  |h 519.5 SPI  |p 005200030923  |q 005200030923  |t BK  |y 0 
901 |a BIBL2-2008-3 
901 |a BIBL2-2009-2 
909 |a Χ  |b 146756 
909 |a Χ  |b 147665 
970 |a ΒΑΣΙΛΑΚΗ  |b ΝΙΚΗ  |z 2008/11/21